| 000 | 00557nam a22001817a 4500 | ||
|---|---|---|---|
| 005 | 20240813121359.0 | ||
| 008 | 240813b |||||||| |||| 00| 0 eng d | ||
| 020 | _a978-81-2032260-8 | ||
| 082 |
_a621.34 _bKIS-I |
||
| 100 | _aKissell, Thomas. E | ||
| 245 |
_aIndustrial Electronics: _bapplications for programmable controllers/ _cby Thomas E. Kissell |
||
| 250 | _a3rd ed. | ||
| 260 |
_aIndia : _bPHI Learning Pvt Ltd ; _c2003 |
||
| 300 |
_axxiv, 904 p. : _bill ; _c25 cm. |
||
| 500 | _aInclude Index. | ||
| 650 | _aElectrical/Engineering | ||
| 999 |
_c36396 _d36396 |
||